| 000 | 01058cam a2200277 i 4500 | ||
|---|---|---|---|
| 003 | SA-RiAUC | ||
| 005 | 20250617060901.0 | ||
| 008 | 250615s1989 su o g 00000 ara c | ||
| 040 |
_aSA-RiAUC _bara _cSA-RiAUC _erda |
||
| 043 | _aa-su--- | ||
| 082 | 0 | 4 | _a709.05531 |
| 090 |
_a709.05531 _bف ا ر |
||
| 100 | 1 |
_aفارسي، محمد سعيد حسن _eمؤلف. |
|
| 245 | 1 | 0 |
_aقصة الفن في جدة / _cمحمد سعيد فارسي. |
| 250 | _aالطبعة الأولى. | ||
| 264 | 1 |
_aجدة، السعودية : _bدار البلاد للطباعة والنشر، _c1989 |
|
| 300 |
_a333 صفحة : _bصور ؛ _c28 سم |
||
| 336 |
_aنص _btxt _2rdacontent _3كتاب |
||
| 337 |
_aبدون وسيط _bn _2rdamedia |
||
| 338 |
_aمجلد _bnc _2rdacarrier |
||
| 500 | _aأخرج الكتاب فنيا القسم الفني بدار البلاد. | ||
| 650 | 7 |
_aالفن _xتاريخ _2aucsh |
|
| 650 | 7 |
_aالفنون التشكيلية _zالسعودية _zجدة _2aucsh |
|
| 942 |
_2ddc _cBOOK _n0 |
||
| 949 |
_aSA-JeALM _d250615 _uosman123 _n1 |
||
| 999 |
_c9056 _d9056 |
||